00443nam a2200121Ia 4500008004100000024004200041082001600083100006500099245007300164260002500237600002100262650003800283250506s9999 xx 000 0 und d a10B-96-BS, 10B-65-BS & 10B-103-BS a005.072 BEH aBehrouze Iftikhar, Muhammad Ahmer Naseer & Zulqarnain Haider 0aAutomated Management & Performance Monitoring System For Pizza Point aKarachi:bUIT,c2010 aComputer Science aBachelor of Computer Science (BS)